<?xml version="1.0" encoding="UTF-8"?>
<record
    xmlns:xsi="http://www.w3.org/2001/XMLSchema-instance"
    xsi:schemaLocation="http://www.loc.gov/MARC21/slim http://www.loc.gov/standards/marcxml/schema/MARC21slim.xsd"
    xmlns="http://www.loc.gov/MARC21/slim">

  <leader>01496nam a22002177a 4500</leader>
  <controlfield tag="008">150914b        xxu||||| |||| 00| 0 eng d</controlfield>
  <datafield tag="020" ind1=" " ind2=" ">
    <subfield code="a">9789968530187</subfield>
  </datafield>
  <datafield tag="082" ind1=" " ind2=" ">
    <subfield code="a">708.972.86</subfield>
    <subfield code="b">M986m</subfield>
  </datafield>
  <datafield tag="100" ind1=" " ind2=" ">
    <subfield code="a">Fundaci&#xF3;n Museos Banco Central</subfield>
    <subfield code="9">3583</subfield>
  </datafield>
  <datafield tag="245" ind1=" " ind2=" ">
    <subfield code="a">Museos del Banco Central :</subfield>
    <subfield code="b">sus tesoros</subfield>
    <subfield code="c">Fundaci&#xF3;n Museos Banco Central</subfield>
  </datafield>
  <datafield tag="260" ind1=" " ind2=" ">
    <subfield code="a">San Jos&#xE9; :</subfield>
    <subfield code="b">Fundaci&#xF3;n Museos Banco Central</subfield>
    <subfield code="c">2014</subfield>
  </datafield>
  <datafield tag="300" ind1=" " ind2=" ">
    <subfield code="a">153p.</subfield>
    <subfield code="b">ill. (col.)</subfield>
    <subfield code="c">28 cm</subfield>
  </datafield>
  <datafield tag="505" ind1=" " ind2=" ">
    <subfield code="t">1. Plaza de la Cultura -Museos del Banco Central: arquitectura, ingenier&#xED;a y urbanismo de un anhelo  = Plaza de la Cultura-Museums of the Central Bank: The Architecture, Engineering and Urban Planning of a Wish.</subfield>
    <subfield code="t">2. Las colecciones del MBCCR: La Colecci&#xF3;n de Arqueolog&#xED;a = The Central Bank Museums Collections: The Archaeological Collection </subfield>
    <subfield code="t"> 3. Las colecciones del MBCCR: La Colecci&#xF3;n Numism&#xE1;tica = The Central Bank Museums Collections: The Numismatic Collection </subfield>
    <subfield code="t"> 4. Las colecciones del MBCCR: La Colecci&#xF3;n de Artes Visuales = The Central Bank Museums Collections: The Visual Arts Collection</subfield>
    <subfield code="t">5. Aporte cultural del Banco Central de Costa Rica = Cultura Contributions of the Central Bank of Costa Rica</subfield>
  </datafield>
  <datafield tag="650" ind1=" " ind2=" ">
    <subfield code="a">Museos de arte</subfield>
    <subfield code="9">73</subfield>
  </datafield>
  <datafield tag="650" ind1=" " ind2=" ">
    <subfield code="a">Banco Central de Costa Rica</subfield>
    <subfield code="x">Museos</subfield>
    <subfield code="9">3584</subfield>
  </datafield>
  <datafield tag="650" ind1=" " ind2=" ">
    <subfield code="a">Museos arqueol&#xF3;gicos</subfield>
    <subfield code="9">3585</subfield>
  </datafield>
  <datafield tag="650" ind1=" " ind2=" ">
    <subfield code="a">Numism&#xE1;tica costarricense</subfield>
    <subfield code="9">3385</subfield>
  </datafield>
  <datafield tag="650" ind1=" " ind2=" ">
    <subfield code="a">Monedas costarricenses</subfield>
    <subfield code="9">3586</subfield>
  </datafield>
  <datafield tag="650" ind1=" " ind2=" ">
    <subfield code="a">Billetes de Banco</subfield>
    <subfield code="x">Historia</subfield>
    <subfield code="z">Costa Rica</subfield>
    <subfield code="9">3587</subfield>
  </datafield>
  <datafield tag="650" ind1=" " ind2=" ">
    <subfield code="a">Arte costarriucense</subfield>
    <subfield code="x">Colecciones</subfield>
    <subfield code="9">3588</subfield>
  </datafield>
  <datafield tag="999" ind1=" " ind2=" ">
    <subfield code="c">741</subfield>
    <subfield code="d">741</subfield>
  </datafield>
  <datafield tag="952" ind1=" " ind2=" ">
    <subfield code="0">0</subfield>
    <subfield code="1">0</subfield>
    <subfield code="2">ddc</subfield>
    <subfield code="4">0</subfield>
    <subfield code="7">0</subfield>
    <subfield code="a">LV</subfield>
    <subfield code="b">LV</subfield>
    <subfield code="c">Monograf&#xED;as</subfield>
    <subfield code="d">2015-09-14</subfield>
    <subfield code="l">0</subfield>
    <subfield code="o">708.972.86 M986m</subfield>
    <subfield code="p">004114</subfield>
    <subfield code="r">2015-09-14 00:00:00</subfield>
    <subfield code="w">2015-09-14</subfield>
    <subfield code="y">01</subfield>
  </datafield>
</record>
